000 00516cam a2200133 a 4500
020 _a9789290438144
050 0 0 _aS494.5.A43
_bR43 2009
245 1 0 _aLearning agrobiodiversity :
_boptions for universities in sub-Saharan Africa : proceedings of a regional workshop, 21-23 January 2009, Nairobi, Kenya /
_cPer Rudebjer ... [et al.] editors.
260 _aRome, Italy :
_bBioversity International,
_cc2009.
300 _axi, 118 p. :
650 0 _xStudy and teaching
_vCongresses.
700 1 _aRudebjer, Per.
942 _cGEN
999 _c1317
_d1317